00602nam a2200205Ia 4500008004100000041001200041082001100053100003700064245004800101260003500149300000800184365000800192520004600200520001400246546001200260630004800272650001400320655001400334730004800348101110s9999 xx 000 0 und d aMARATHI bJR6258 aJoshi Smita, Lade Sangita Gautam aAdivasi sahayyak prakalpa adhikari pariksha c2009bDaimond books, Nai Delhi a277 b160 aDonated by Gowande Sir expediture 2009-10 aSociology aMARATHI aAdivasi sahayyak prakalpa adhikari pariksha aSociology aSociology aAdivasi sahayyak prakalpa adhikari pariksha